<?xml version="1.0" encoding="UTF-8"?>
<record
    xmlns:xsi="http://www.w3.org/2001/XMLSchema-instance"
    xsi:schemaLocation="http://www.loc.gov/MARC21/slim http://www.loc.gov/standards/marcxml/schema/MARC21slim.xsd"
    xmlns="http://www.loc.gov/MARC21/slim">

  <leader>00542nam a22001577a 4500</leader>
  <controlfield tag="003">OSt</controlfield>
  <controlfield tag="005">20151202132713.0</controlfield>
  <controlfield tag="008">151202b        xxu||||| |||| 00| 0 eng d</controlfield>
  <datafield tag="040" ind1=" " ind2=" ">
    <subfield code="c">RUA</subfield>
  </datafield>
  <datafield tag="082" ind1=" " ind2=" ">
    <subfield code="a">FIS MEN 2001 B173 Or.1</subfield>
  </datafield>
  <datafield tag="100" ind1=" " ind2=" ">
    <subfield code="9">4130</subfield>
    <subfield code="a">MEN, VANNAK.</subfield>
  </datafield>
  <datafield tag="245" ind1=" " ind2=" ">
    <subfield code="a">Survey of fishing gears inside polder prey nup, &#x1780;&#x17B6;&#x179A;&#x17A2;&#x1784;&#x17D2;&#x1780;&#x17C1;&#x178F;&#x17A7;&#x1794;&#x1780;&#x179A;&#x178E;&#x17CD;&#x1793;&#x17C1;&#x179F;&#x17B6;&#x1791;&#x178A;&#x17C2;&#x179B;&#x1794;&#x17D2;&#x179A;&#x17BE;&#x1780;&#x17D2;&#x1793;&#x17BB;&#x1784;&#x1794;&#x17C9;&#x17BB;&#x179B;&#x178C;&#x17C2;&#x1796;&#x17D2;&#x179A;&#x17C3;&#x1793;&#x1794;&#x17CB;</subfield>
  </datafield>
  <datafield tag="260" ind1=" " ind2=" ">
    <subfield code="a">Phnom Penh</subfield>
    <subfield code="b">RUA</subfield>
    <subfield code="c">2001</subfield>
  </datafield>
  <datafield tag="300" ind1=" " ind2=" ">
    <subfield code="a">49p.</subfield>
    <subfield code="b">ill.</subfield>
    <subfield code="c">29cm.</subfield>
  </datafield>
  <datafield tag="942" ind1=" " ind2=" ">
    <subfield code="2">ddc</subfield>
    <subfield code="c">FIS</subfield>
  </datafield>
  <datafield tag="999" ind1=" " ind2=" ">
    <subfield code="c">3843</subfield>
    <subfield code="d">3843</subfield>
  </datafield>
  <datafield tag="952" ind1=" " ind2=" ">
    <subfield code="0">0</subfield>
    <subfield code="1">0</subfield>
    <subfield code="2">ddc</subfield>
    <subfield code="4">0</subfield>
    <subfield code="6">FIS_MEN_2001_000000000000000_B173_OR_1</subfield>
    <subfield code="7">0</subfield>
    <subfield code="9">19380</subfield>
    <subfield code="a">LBB</subfield>
    <subfield code="b">LBB</subfield>
    <subfield code="c">B173</subfield>
    <subfield code="d">2015-12-02</subfield>
    <subfield code="o">FIS MEN 2001 B173 Or.1</subfield>
    <subfield code="p">RUA010015</subfield>
    <subfield code="r">2015-12-02</subfield>
    <subfield code="w">2015-12-02</subfield>
    <subfield code="y">FIS</subfield>
  </datafield>
  <datafield tag="952" ind1=" " ind2=" ">
    <subfield code="0">0</subfield>
    <subfield code="1">0</subfield>
    <subfield code="2">ddc</subfield>
    <subfield code="4">0</subfield>
    <subfield code="6">FIS_MEN_2001_000000000000000_B173_OR_2</subfield>
    <subfield code="7">0</subfield>
    <subfield code="9">19381</subfield>
    <subfield code="a">LBB</subfield>
    <subfield code="b">LBB</subfield>
    <subfield code="c">B173</subfield>
    <subfield code="d">2015-12-02</subfield>
    <subfield code="o">FIS MEN 2001 B173 Or.2</subfield>
    <subfield code="p">RUA010087</subfield>
    <subfield code="r">2015-12-02</subfield>
    <subfield code="w">2015-12-02</subfield>
    <subfield code="y">FIS</subfield>
  </datafield>
  <datafield tag="952" ind1=" " ind2=" ">
    <subfield code="0">0</subfield>
    <subfield code="1">0</subfield>
    <subfield code="2">ddc</subfield>
    <subfield code="4">0</subfield>
    <subfield code="6">FIS_MEN_2001_000000000000000_B173_OR_3</subfield>
    <subfield code="7">0</subfield>
    <subfield code="9">19382</subfield>
    <subfield code="a">LBB</subfield>
    <subfield code="b">LBB</subfield>
    <subfield code="c">B173</subfield>
    <subfield code="d">2015-12-02</subfield>
    <subfield code="o">FIS MEN 2001 B173 Or.3</subfield>
    <subfield code="p">RUA027623</subfield>
    <subfield code="r">2015-12-02</subfield>
    <subfield code="w">2015-12-02</subfield>
    <subfield code="y">FIS</subfield>
  </datafield>
  <datafield tag="952" ind1=" " ind2=" ">
    <subfield code="0">0</subfield>
    <subfield code="1">0</subfield>
    <subfield code="2">ddc</subfield>
    <subfield code="4">0</subfield>
    <subfield code="6">FIS_MEN_2001_000000000000000_B173_OR_4</subfield>
    <subfield code="7">0</subfield>
    <subfield code="9">19383</subfield>
    <subfield code="a">LBB</subfield>
    <subfield code="b">LBB</subfield>
    <subfield code="c">B173</subfield>
    <subfield code="d">2015-12-02</subfield>
    <subfield code="o">FIS MEN 2001 B173 Or.4</subfield>
    <subfield code="p">RUA027695</subfield>
    <subfield code="r">2015-12-02</subfield>
    <subfield code="w">2015-12-02</subfield>
    <subfield code="y">FIS</subfield>
  </datafield>
  <datafield tag="952" ind1=" " ind2=" ">
    <subfield code="0">0</subfield>
    <subfield code="1">0</subfield>
    <subfield code="2">ddc</subfield>
    <subfield code="4">0</subfield>
    <subfield code="6">FIS_MEN_2001_000000000000000_B173_OR_5</subfield>
    <subfield code="7">0</subfield>
    <subfield code="9">19384</subfield>
    <subfield code="a">LBB</subfield>
    <subfield code="b">LBB</subfield>
    <subfield code="c">B173</subfield>
    <subfield code="d">2015-12-02</subfield>
    <subfield code="o">FIS MEN 2001 B173 Or.5</subfield>
    <subfield code="p">RUA027977</subfield>
    <subfield code="r">2015-12-02</subfield>
    <subfield code="w">2015-12-02</subfield>
    <subfield code="y">FIS</subfield>
  </datafield>
  <datafield tag="952" ind1=" " ind2=" ">
    <subfield code="0">0</subfield>
    <subfield code="1">0</subfield>
    <subfield code="2">ddc</subfield>
    <subfield code="4">0</subfield>
    <subfield code="6">FIS_MEN_2001_000000000000000_B173_OR_6</subfield>
    <subfield code="7">0</subfield>
    <subfield code="9">19385</subfield>
    <subfield code="a">LBB</subfield>
    <subfield code="b">LBB</subfield>
    <subfield code="c">B173</subfield>
    <subfield code="d">2015-12-02</subfield>
    <subfield code="o">FIS MEN 2001 B173 Or.6</subfield>
    <subfield code="p">RUA010805</subfield>
    <subfield code="r">2015-12-02</subfield>
    <subfield code="w">2015-12-02</subfield>
    <subfield code="y">FIS</subfield>
  </datafield>
</record>
